| Tag |
First Indicator |
Second Indicator |
Subfields |
| LEADER |
00000cam a2200000 i 4500 |
| 001 |
in00003710198 |
| 005 |
20170926143010.0 |
| 008 |
160401t20162016onc 000 j eng |
| 020 |
|
|
|a 9781988040097
|q (paperback)
|
| 020 |
|
|
|a 1988040094
|q (paperback)
|
| 035 |
|
|
|a (OCoLC)ocn946215614
|
| 040 |
|
|
|a NLC
|b eng
|e rda
|c NLC
|d CDX
|d C#P
|d UtOrBLW
|
| 043 |
|
|
|a n-cn---
|
| 049 |
|
|
|a TXAM
|
| 050 |
|
4 |
|a PR9199.3.A347
|b A6 2016
|
| 055 |
|
0 |
|a PS8551.I776
|b C36 2016
|
| 082 |
0 |
|
|a C813/.54
|2 23
|
| 100 |
1 |
|
|a Aitken, Kelley,
|d 1954-
|e author.
|0 http://id.loc.gov/authorities/names/nr99004118
|
| 245 |
1 |
0 |
|a Canadian shield /
|c Kelley Aitken.
|
| 264 |
|
1 |
|a Toronto :
|b Tightrope Books,
|c [2016]
|
| 264 |
|
4 |
|c ©2016
|
| 300 |
|
|
|a 128 pages :
|b portrait ;
|c 22 cm.
|
| 336 |
|
|
|a text
|b txt
|2 rdacontent
|
| 337 |
|
|
|a unmediated
|b n
|2 rdamedia
|
| 338 |
|
|
|a volume
|b nc
|2 rdacarrier
|
| 505 |
0 |
|
|a The wounded bear -- Hunter -- Woman in ice -- Meromixis -- Downhill -- In the drink -- White crow -- Hypothermia -- From the beaver god.
|
| 945 |
|
|
|b 749764
|
| 947 |
|
|
|a A14843437576
|
| 948 |
|
|
|a cataloged
|b h
|c 2016/9/7
|d c
|e dmitchel
|f 9:20:10 am
|
| 994 |
|
|
|a 92
|b TXA
|
| 999 |
f |
f |
|s a454826d-4381-3cec-8e29-5a482eb31abe
|i a54a2512-1f58-31fd-8e64-6004d27f26ac
|t 0
|
| 952 |
f |
f |
|p normal
|a Texas A&M University
|b College Station
|c Sterling C. Evans Library
|d Evans: Library Stacks
|t 0
|e PR9199.3.A347 A6 2016
|h Library of Congress classification
|i unmediated -- volume
|m A14843437576
|
| 998 |
f |
f |
|a PR9199.3.A347 A6 2016
|t 0
|l Evans: Library Stacks
|